000 00301nam a2200133Ia 4500
100 _aYellow Series
942 _cBK
654 _aDie Design
245 _aPress Die Design & Construction I
260 _bMachinery Publication
_aLondon
_c1963
082 _a621.9
300 _a50
546 _aENGLISH
999 _c26775
_d26775